000 00820nam a22001817a 4500
999 _c61351
_d61351
005 20240222121147.0
008 240221s2023 ge ||||| |||| 00| 0 fre d
020 _a9789941488764
041 _afre
080 _a821.133(075.8) D-53
100 _a Diasamidzé, Victoria
_921262
245 _aPrécis De La Littérature Francophone :
_bcours théorique et pratique de la littérature francophone /
_cVictoria Diasamidze; Red. Zourab Artchvadzé.
264 _aBatoumi :
_bUniversité d' État Chota Roustaveli,
_c2023.
300 _a254 p. :
_bill.;
_c21 cm.
653 _aთეორიული და პრაქტიკული კურსი ფრანგულენოვან ლიტერატურაში
700 _a Artchvadzé, Zourab
_eრედაქტორი
_921263
942 _2udc
_cBK